00797nam a2200229 a 450000100100000000500170001000800410002702000150006804000250008308200170010810000520012524500590017726000300023630000210026649000290028759000270031665000270034365000310037083000340040195201150043599900170055000004005720201002033907.0130805s2005 sp 000 0 spa d a8498150043 aDO-SdBNPbspacBNPHU a862.3bC146a1 aCalderón de la Barca, Pedro,d1600-16819554710aEl alcalde de Zalamea /cPedro Calderón de la Barca. aMadrid :bEl pais,c2005. a127 p. ;c21 cm.1 aClásicos españoles ; aInventariado, 2019/ YL 4aTeatro español93071 4aLiteratura española9632 0aClásicos españoles966312 001050718MOaGRbGRcCTd2013-08-05iLF1l0o862.3 C146ap40057-10r2020-06-25w2020-06-25y1ZNo se presta c39547d39547